| 000 | 01009nam a22003257a 4500 | ||
|---|---|---|---|
| 001 | 240010 | ||
| 003 | DO-SdBNP | ||
| 005 | 20171214073929.0 | ||
| 007 | 240010 | ||
| 008 | 160315b 1993 sp xxu||||| |||| 00| 0 spa d | ||
| 020 | _a8448020006 | ||
| 040 |
_aBPMSU _bspa _cBPMSU |
||
| 041 | 1 | 7 |
_aspa _heng |
| 092 |
_axxxxx _bxxxxx |
||
| 100 | 1 | _aPackard, Edward | |
| 240 | 1 | 0 |
_aFaster than light. _lEspañol |
| 245 | 1 | 0 |
_aBaakra está en peligro / _cBaakra está en peligro Edward Packard ; ilustraciones Dave Cockrum ; traducción Elena Moreno Gutiérrez. |
| 260 |
_aBarcelona : _bTimun Mas, D.L. _c1993. |
||
| 300 |
_a119 p. : _bil. ; _c18 cm. |
||
| 490 | 1 |
_aHalcones del espacio _v1 |
|
| 490 | 1 | _aElige tu propia aventura | |
| 700 | 1 | 2 |
_aCockrum, Dave, _eil. |
| 700 | 1 | 2 |
_aMoreno Gutiérrez, Elena, _etr. |
| 830 | 0 |
_aHalcones del espacio ; _n1 |
|
| 830 | 0 | _aElige tu propia aventura | |
| 910 | _a00260 | ||
| 942 |
_2ddc _cBK |
||
| 945 | _ainventariado extranjero / DG | ||
| 956 |
_2LOPEREZ _310 |
||
| 999 |
_c9240 _d9240 |
||